| 000 | 00512nam a22001937a 4500 | ||
|---|---|---|---|
| 005 | 20251108171902.0 | ||
| 008 | 250721s2003 xx 000 0 ara d | ||
| 082 | 1 | 4 | _a216.25/نبه |
| 100 | 1 |
_aنبهان، محمد _eمؤلف |
|
| 245 | 1 | 0 | _aالمرشد في الحج و العمرة / |
| 264 | 1 |
_aعمان : _bالجامع، _c2003. |
|
| 300 | _a63 ص | ||
| 650 | 1 | 7 | _aالحج |
| 650 | 1 | 7 | _aالعمرة |
| 650 | 1 | 7 | _aالعبادة |
| 650 | 1 | 7 | _aالإيمان |
| 942 |
_2ddc _cBK |
||
| 999 |
_c65180 _d65180 |
||